Feminismo, academia y cambio social /
El feminismo como teoría y práctica social, analiza y realiza propuestas para superar el patriarcado en todos los ámbitos y entre ellos el académico donde se insertan sus núcleos principales tales como el sexismo, la separación bipolar entre lo masculino y femenino, el poder, el control del cuerpo d...
保存先:
| 第一著者: | |
|---|---|
| フォーマット: | テキスト |
| 主題: | |
| タグ: |
タグ追加
タグなし, このレコードへの初めてのタグを付けませんか!
|
MARC
| LEADER | 00000 a a2200000 04500 | ||
|---|---|---|---|
| 001 | 5533 | ||
| 003 | |||
| 040 | |||
| 100 | |a González Suárez, Mirta | ||
| 245 | |a Feminismo, academia y cambio social / |c Mirta González Suárez | ||
| 520 | |a El feminismo como teoría y práctica social, analiza y realiza propuestas para superar el patriarcado en todos los ámbitos y entre ellos el académico donde se insertan sus núcleos principales tales como el sexismo, la separación bipolar entre lo masculino y femenino, el poder, el control del cuerpo de las mujeres y la violencia | ||
| 650 | |a FEMINISMO | ||
| 650 | |a UNIVERSIDADES | ||
| 650 | |a PATRIARCADO | ||
| 650 | |a DISCRIMINACION BASADA EN EL GENERO | ||
| 773 | |g volumen 26, número 2; páginas 169-183 | ||
| 999 | |c 38093 |d 38093 | ||
